00355nam a2200121Ia 45000010005000000080041000050820026000461000055000722450041001272600024001689010026001929990015002184360241024s9999 xx 000 0 und d aRD/690.7/R426p/2014/1 aRepública Dominicana. Ministerio de Educación. 0aPlanteles nuevos y para ampliaciones bSanto Domingoc2014 a2/9/2016 2:51:15 p.m. c7974d7974